| 000 | 00907nam a2200277Ia 4500 | ||
|---|---|---|---|
| 001 | Para_8027 | ||
| 003 | CHAP | ||
| 008 | 220125s9999 xx 000 0 und d | ||
| 010 | _a206956 | ||
| 040 | _cCHAP | ||
| 082 | _aPA-C 595.75 H4 | ||
| 100 |
_aReadio, Philip A. _9173369 |
||
| 245 |
_aThe ovipositors of the cicadellidae (homoptera) / _c by Philip A. Readio |
||
| 300 | _a217-89 p. | ||
| 440 |
_aHemiptera; 12 _9172048 |
||
| 500 | _aSobretiro de: The Kansas University Science bulletin 14 (8): 217-98, 1922. Encuadernado con otros impresos similares | ||
| 650 |
_a _x HemÃpteros _x colecciones de escritos _x Cicadelidos _9172058 |
||
| 710 |
_aThe Kansas University Science. Bulletin 14 (8) _9173370 |
||
| 901 | _aPA-C 595.75 H4 | ||
| 902 | _aA | ||
| 905 | _a000000 0000000000 00 | ||
| 910 | _a | ||
| 942 | _cPARA | ||
| 942 |
_cPARA _d1 |
||
| 999 |
_c206956 _d206956 |
||